1654 1384 1105 1922 1227 1570 1104 1874 1761 1902 1612 1546 1168 1539 1032 1710 1609 1106 1452 1783 1782 1852 1050 1608 1350 1563 1658 1610 1765 1788 1929 1484 1591 1251 1618 1723 1387 1286 1299 1249 1403 1610 1922 1889 1369 1484 1172 1836 1558 1807 1122 1577 1103 1948 1757 1050 1008 1221 1881 1618 1785 1548 1070 1721 1470 1806 1056 1102 1244 1561 1245 1160 1272 1184 1491 1402 1904 1234 1332 1603 1483 1395 1790 1699 1547 1035 1872 1046 1577 1296 1033 1345 1647 1913 1535 1783 1923 1558 1676 BCNSPRNW ULIB Ver.6.0+V

เปลี่ยนเป็นภาษาไทย

Change to English
 แสดงรายละเอียดบรรณานุกรม
  กลับหน้าหลัก

Brief Record : Get Marc (ISO 2709) : E-mail record : QR code < ปิดหน้าต่าง
LEADER : 00000nam 2200000uu 4500
001    13399123938
003     ULIB
008    141215s2556||||th 000 0 tha d
020    ^a9786163359049
060  0 ^aWB369^bส857ก
100 0  ^aสุรัมภา รอดมณี; พันตำราวจเอกหญิง
245 10 ^aการสร้างสัมพันธภาพและการสื่อสารเพื่อการบำบัด /^cสุรัมภา รอดมณี; พันตำราวจเอกหญิง
250    ^aพิมพ์ครั้งที่ 1.
260    ^aกรุงเทพฯ :^bภาควิชาการพยาบาลจิตเวชศาสตร์ วิทยาพยาบาลตำรวจ,^c2556
300    ^a160 หน้า ;^c21 ซม.
650  4 ^aสร้างสัมพันธภาพเพื่อการบำบัด
650  4 ^aการสื่อสารเพื่อการบำบัด
710 2  ^aภาควิชาการพยาบาลจิตเวชศาสตร์ วิทยาพยาบาลตำรวจ
945    ^p160^l0^i22724
945    ^p160^l0^i22725
945    ^p160^l0^i22726
945    ^p160^l0^i22727
945    ^p160^l0^i22728
999    ^aทศพร เกษรทอง
รายการนี้ยังไม่มีแท็ก
คุณยังไม่ได้ล็อกอิน คุณสามารถมีกิจกรรมร่วมกับเว็บไซต์ได้ แต่ต้องล็อกอินก่อน ::
  ล็อกอิน

รายการสื่อสารสนเทศ

ลำดับที่ ประเภท เลขเรียก/บาร์โค้ด สถานที่ สถานะ
1. วิทยาศาสตร์การแพทย์ และสุขภาพ
วิทยาศาสตร์การแพทย์ และสุขภาพ
สถานะ=หนังสือเก่า
WB369 ส857ก ฉ.1 
  Barcode: 22724
ห้องสมุดวิทยาเขตนครสวรรค์
►ส่วนจัดเก็บหนังสือเก่า นว.
บนชั้น
  ขอยืม
2. วิทยาศาสตร์การแพทย์ และสุขภาพ
วิทยาศาสตร์การแพทย์ และสุขภาพ
สถานะ=หนังสือเก่า
WB369 ส857ก ฉ.2 
  Barcode: 22725
ห้องสมุดวิทยาเขตนครสวรรค์
►ส่วนจัดเก็บหนังสือเก่า นว.
บนชั้น
  ขอยืม
3. วิทยาศาสตร์การแพทย์ และสุขภาพ
วิทยาศาสตร์การแพทย์ และสุขภาพ
สถานะ=หนังสือเก่า
WB369 ส857ก ฉ.3 
  Barcode: 22726
ห้องสมุดวิทยาเขตนครสวรรค์
►ส่วนจัดเก็บหนังสือเก่า นว.
บนชั้น
  ขอยืม
4. วิทยาศาสตร์การแพทย์ และสุขภาพ
วิทยาศาสตร์การแพทย์ และสุขภาพ
สถานะ=หนังสือเก่า
WB369 ส857ก ฉ.4 
  Barcode: 22727
ห้องสมุดวิทยาเขตนครสวรรค์
►ส่วนจัดเก็บหนังสือเก่า นว.
บนชั้น
  ขอยืม
5. วิทยาศาสตร์การแพทย์ และสุขภาพ
วิทยาศาสตร์การแพทย์ และสุขภาพ
สถานะ=หนังสือเก่า
WB369 ส857ก ฉ.5 
  Barcode: 22728
ห้องสมุดวิทยาเขตนครสวรรค์
►ส่วนจัดเก็บหนังสือเก่า นว.
บนชั้น
  ขอยืม

รายการใกล้เคียง
    ผู้แต่ง [สุรัมภา รอดมณี; พันตำราวจเอกหญิง]

    หัวเรื่อง [สร้างสัมพันธภาพเพื่อการบำบัด]
    หัวเรื่อง [การสื่อสารเพื่อการบำบัด]

BibComment


ยังไม่เคยถูกคอมเมนท์

คอมเมนท์ทรัพยากรรายการนี้
  คอมเมนท์: การสร้างสัมพันธภ..


 Copyright 2026. Bcnsprnw @Library